|
|
|
|
| LEADER |
00000nab a2200000 a 4500 |
| 001 |
vtls000602376 |
| 003 |
SK-MaSNL |
| 005 |
20260304084656.0 |
| 008 |
250425c1996 xo 0 slo |
| 015 |
|
|
|a SNBRB19rr/mm-uuuuu
|
| 035 |
|
|
|a CL0602515
|
| 035 |
|
|
|a urn:nbn:sk:snk-abajvs
|
| 035 |
|
|
|a (urnnbn)urn:nbn:sk:snk:ar-0083qt
|
| 035 |
|
|
|a (uuid)2326cd5f-0512-48f2-a992-86ff4b66bee7
|
| 040 |
|
|
|a SNKBUCL
|b slo
|c SNKBUCL
|e AACR2
|
| 041 |
0 |
|
|a slo
|
| 044 |
|
|
|a xo
|c SK
|
| 080 |
|
|
|a 323.15(497.13=861)
|2 1981
|
| 100 |
1 |
|
|a Branimir
|4 aut
|9 1377273
|
| 245 |
1 |
0 |
|a Nemáme kam ísť
|c Branimir, Margita Ivaničková
|
| 650 |
0 |
7 |
|a Srbi
|2 snkbucl
|9 31004
|
| 650 |
0 |
7 |
|a Východná Slavónia
|2 snkbucl
|9 1377274
|
| 651 |
|
7 |
|a Chorvátsko
|2 snkbucl
|9 16553
|
| 655 |
|
7 |
|a články z novín a časopisov
|2 snkbucl
|9 267496
|
| 700 |
1 |
|
|a Ivaničková, Margita,
|d 1953-
|4 aut
|9 105315
|
| 773 |
0 |
|
|t Literárny týždenník
|g Roč. 9, č. 41 (1996), s. 11
|x 0862-5999
|
| 850 |
|
|
|a Slovenská národná knižnica
|
| 852 |
|
|
|a Slovenská národná knižnica
|
| 954 |
|
|
|a odborná, vedecká literatúra pôvodná (slovenská)
|2 lita
|
| 958 |
|
|
|a article14
|
| 958 |
|
|
|a HR
|
| 958 |
|
|
|a RK
|
| 958 |
|
|
|a OND
|
| 958 |
|
|
|a EUIPO
|
| 992 |
|
|
|a RBX
|
| 999 |
|
|
|c 2804671
|d 2806601
|